| 000 | 00377 a2200169 4500 | ||
|---|---|---|---|
| 001 | 47726 | ||
| 020 | _a9788596020022 | ||
| 040 | _cAnchieta - Aquarius | ||
| 100 | _aLobato, Monteiro | ||
| 240 | 1 | 0 |
_aAventuras do prÃncipe _lpor |
| 245 | 1 | 0 | _aAventuras do prÃncipe |
| 300 | _a63 | ||
| 362 | 0 | _a2019 | |
| 440 | 1 | _aFTD | |
| 650 | 4 | _aLiteratura infanto-juvenil | |
| 942 | _cBK | ||
| 999 |
_c47726 _d47726 |
||